| 000 | 00424nam a2200145 i 4500 | ||
|---|---|---|---|
| 001 | 31542 | ||
| 003 | ES-MaACL | ||
| 007 | t| | ||
| 008 | 030129s1934 sp ||||1| spa d | ||
| 100 | 1 |
_aBelausteguigoitia, Ramón de. _927128 |
|
| 245 | 1 | 0 |
_aCon Sandino en Nicaragua _b: la hora de la paz / _cRamón Belausteguigoitia. |
| 260 |
_aMadrid : _bEspasa Calpe, _c1934. |
||
| 300 |
_a244 p. ; _c20 cm. |
||
| 852 |
_aES-MaACL _jB-8877 |
||
| 999 |
_c31542 _d31542 |
||